guess the British TV Show - Statistics

General Stats
  • This quiz has been taken 133 times
  • The average score is 10 of 16
Answer Stats
Picture Answer % Correct
doctor who
96%
sherlock
84%
gavin and stacey
77%
only fools and horses
77%
derry girls
74%
the crown
74%
the inbetweeners
74%
blackadder
72%
friday night dinner
60%
bad education
55%
outnumbered
53%
waterloo road
52%
fleabag
44%
life on mars
39%
inside no 9
20%
psychoville
6%
No matching quizzes found
Score Distribution
Percent of People with Each Score
Percentile by Number Answered
Your Score History
You have not taken this quiz